• 首页
  • 本馆介绍
  • 公告通知
  • 最新文献
  • 馆藏检索
  • 电子资源
  • 读者导购
  • 参考咨询
  • 我的图书馆
  • 登录
  • 详细信息显示
  • 放入我的书架
  • 预约/预借图书
  • 作者相关作品
  • 分类相关作品
  • 丛书相关作品
  • 出版社相关作品

书目信息

  • 表格格式
  • 工作单格式
  • 卡片格式
题名:
图书信息存储与档案管理信息化
    
 
作者: 张丽 著
分册:  
出版信息: 长春   吉林出版集团股份有限公司  2022.04
页数: 147页
开本: 24cm
丛书名:
单 册:
中图分类: G250.73 , G270.7
科图分类:
主题词: 图书馆--信息资源--资源建设 , 档案管理--信息化--研究
电子资源:
ISBN: 978-7-5731-1454-9
000 01174nam0 2200253 450
001 012001001841
005 20140202085706.0
010    @a978-7-5731-1454-9@dCNY38.00
100    @a20220905d2022 em y0chiy50 ea
101 0  @achi
102    @aCN@b220000
105    @ay z 000yy
106    @ar
200 1  @a图书信息存储与档案管理信息化@Atu shu xin xi cun chu yu dang an guan li xin xi hua@f张丽著
210    @a长春@c吉林出版集团股份有限公司@d2022.04
215    @a147页@d24cm
330    @a本书是一本关于图书信息存储与档案管理信息化的学术著作。在书中,作者主要阐述了图书信息存储、文书、档案工作的相关知识以及公文的概念、特点和要求等,并按照文书处理与档案管理的工作流程,详细介绍了图书信息存储、文件的整理与归档以及纸质档案管理和新型载体档案管理等内容。书中主要包含以下几个部分,分别为档案概述、图书资料与档案信息存储、档案收集与整理、档案保管与统计、档案的检索与编研等。本书在图书信息存储与档案管理信息化方面有一定的参考价值和借鉴意义。
606 0  @a图书馆@x信息资源@x资源建设
606 0  @a档案管理@x信息化@x研究
690    @aG250.73@v5
690    @aG270.7@v5
701  0 @a张丽@Azhang li@4著
801  0 @aCN@bAHXH@c20221111
905    @b1367060-2@dG250.73@e172@f3
    
    图书信息存储与档案管理信息化/张丽著.-长春:吉林出版集团股份有限公司,2022.04
    147页;24cm
    
    
    ISBN 978-7-5731-1454-9:CNY38.00
    本书是一本关于图书信息存储与档案管理信息化的学术著作。在书中,作者主要阐述了图书信息存储、文书、档案工作的相关知识以及公文的概念、特点和要求等,并按照文书处理与档案管理的工作流程,详细介绍了图书信息存储、文件的整理与归档以及纸质档案管理和新型载体档案管理等内容。书中主要包含以下几个部分,分别为档案概述、图书资料与档案信息存储、档案收集与整理、档案保管与统计、档案的检索与编研等。本书在图书信息存储与档案管理信息化方面有一定的参考价值和借鉴意义。
●
相关链接 在E读中查询图书 在五车中查询图书 在当当中查询图书 在豆瓣中查询图书


正题名:图书信息存储与档案管理信息化     索取号:G250.73/172         预约/预借

序号 登录号 条形码 馆藏地/架位号 状态 备注
1 1367060   213670605   第一样本阅览室/ [索取号:G250.73/172] 在馆    
2 1367061   213670614   第四借阅区/ [索取号:G250.73/172] 在馆    
3 1367062   213670623   第四借阅区/ [索取号:G250.73/172] 在馆    
唐山师范学院图书馆 欢迎您!
大连网信软件有限公司© 版权所有